Penderaan kanak-kanak : cabaran, cegahan dan membantu

Bibliographic Details
Main Author: Khadijah Alavi
Other Authors: Mohamed Fadzil Che Din
Format: Book
Published: Kuala Lumpur : Institut Sosial Malaysia , 2007
Series:ISM research monograph series;no.6
Subjects:

MARC

LEADER 00000cam a2200000 7i4500
001 0000020225
005 20070927.0
020 |a 9789834268558 
040 |a INS 
090 0 0 |a HV6625.54.M4   |b K33 2007 
100 1 |a Khadijah Alavi 
245 1 0 |a Penderaan kanak-kanak :   |b cabaran, cegahan dan membantu   |c Khadijah Alavi, Mohamed Fadzil Che Din 
260 |a Kuala Lumpur :   |b Institut Sosial Malaysia ,   |c 2007 
300 |a vi,101 ms :   |b il. ;   |c 25cm. 
440 0 |a ISM research monograph series;no.6 
500 |a Mengandungi bibliografi dan index 
650 0 0 |a Child abuse   |x Counseling   |x Research   |z Malaysia 
650 0 0 |a Child abuse   |x Preventation   |x Research   |z Malaysia 
650 0 0 |a Child abuse   |x Research   |z Malaysia 
700 0 |a Mohamed Fadzil Che Din 
999 |a 0000019126   |b BOOK   |c Open Shelf   |e Default branch